Visualizzazione normale
Vista MARC
- Kurylo A.
di Personal Name
Records bibliografici associati: 1
001 - CONTROL NUMBER
- control field: 25099
003 - CONTROL NUMBER IDENTIFIER
- control field: IT-RoPau
005 - DATE AND TIME OF LATEST TRANSACTION
- control field: 20140514220934.0
008 - FIXED-LENGTH DATA ELEMENTS
- fixed length control field: 140514|| aca||aabn | a|a d
040 ## - CATALOGING SOURCE
- Original cataloging agency: IT-RoPau
- Transcribing agency: IT-RoPau
100 ## - HEADING--PERSONAL NAME
- Personal name: Kurylo A.
- Dates associated with a name: Codice autore testo/musica SPICS: 25489
- Relator term: Autore testo/musica
- Name of part/section of a work: Muzyka Twoje Imie Ma - Pomiedzy Dniem A Snem
670 ## - SOURCE DATA FOUND
- Source citation: Work cat.: (IT-RoPau)102522: AA.VV. 794, Muzyka Twoje Imie Ma (Lp Plp 0009)